US States Anagrams - Sudden Death - Statistics

General Stats
  • This quiz has been taken 743 times
  • The average score is 4 of 18
Answers on the Grid
Answers color-coded by a green-red scale on the quiz's grid according to % correct below.
ncrialifoa
sxetas
wahia
ofldira
aalmba
cmghian
ivigrna
davane
nsoiliil
hioo
tssnneee
naiem
rzoaani
tuah
ynnnpeslviaa
radcoloo
owminyg
nlusiiaa
inndiaa
benskara
yuckykent
waoi
delawear
manlardy
emorntv
iminosta
nconeiccutt
 
Answer Stats
Answer % Correct
tuah
37%
waoi
37%
hioo
35%
nconeiccutt
31%
naiem
28%
owminyg
28%
delawear
27%
inndiaa
26%
ofldira
26%
ncrialifoa
25%
radcoloo
24%
ynnnpeslviaa
23%
davane
18%
nsoiliil
18%
rzoaani
18%
emorntv
16%
manlardy
10%
benskara
9%
No matching quizzes found
Score Distribution
Percent of People with Each Score
Percentile by Number Answered
Your Score History
You have not taken this quiz